LEADER 01008nam a2200229 i 4500 001 000000039378 003 CaOOAMICUS 005 20101029000000.0 008 101029s1992 it u000 u ita u 013 $a10113 040 $aSeMil$bita 100 1 $aPerini, Norberto .$0(OLS)http://semarc/name/19081 245 10$aLettere Pastorali /$cmons. Norberto Perini. 260 $aCorridonia :$bT.A.F.,$c1992. 300 $a371 p. :$bfotogrefie b. e n. ;$c24 cm. 500 $aIn mezzo al front : a cura del Centro Sociale Anziani nel cinquantesimo anniversario del suo ingresso nella Diocesi di Fermo (1942-1992). 650 4$aVescovi italiani - Lettere pastorali.$0(OLS)http://semarc/subject/745 850 $aSeMil 852 $aSeMil$W1$xVenegono$y1$m3J IV 227$j5533$B5533$CSeMilBibl$Z2$F5533 $81 961 $aOmaggio: Poma mons. Gianfranco 996 $6245$aLettere Pastorali$9(OLS)http://semarc/title/56043 996 $6260$aCorridonia :$bT.A.F.$9(OLS)http://semarc/publisher/40056 LEADER 01162nam a2200265 i 4500 001 000000119010 003 CaOOAMICUS 005 20031015000000.0 008 031015s1981 it u000 u ita u 013 $a91703 040 $aSeMil$bita 100 1 $aCarini Alimandi, Lia.$0(OLS)http://semarc/name/35191 245 14$aUna luce dal Messico :$bConchita Armida /$cLia Carini Alimandi. 260 $aRoma :$bCittà Nuova,$ccopyr. 1981. 300 $a218 p., [8] p. di tav. ;$c19 cm. 490 0 $aCollana di spiritualità 500 $aContiene : Bibliografia. - L'appartenenza alla collana è tratta dal catalogo. - Fondo Card. C.M. Martini. 600 14$aCabrera de Armida, Concepción .$0(OLS)http://semarc/subject/22251 830 0$aCollana di spiritualità.$0(OLS)http://semarc/title/6623 850 $aSeMil 852 $aSeMil$W1$xVenegono$y1$m3J I 32$j74255$B74255$CSeMilBibl$Z2$F84983 $81 941 1 $a4 961 $aOmaggio: Martini Card. Carlo Maria 996 $6245$aUna luce dal Messico :$bConchita Armida$9(OLS)http://semarc/title/174858 996 $6260$aRoma :$bCittà Nuova$9(OLS)http://semarc/publisher/29609